Zoologické záhrady - ohrozený druh podnikania Zriaďovatelia poskytujú obmedzené prostriedky, ktoré nepostačujú ani na prevádzku, nieto ešte výstavbu zoologických záhrad

Bibliographic Details
Main Author: Végh, Roman, 1966- (Author)
Format: Article
Language:Slovak
PhysicalDescription:Obr. 1, tab. 2
Subjects:

MARC

LEADER 00000nab a2200000 a 4500
001 vtls000608279
003 SK-MaSNL
005 20260303173440.0
008 160401c1996 xo 0 slo
015 |a SNBRB19rr/mm-uuuuu 
035 |a CL0608418 
040 |a SNKBUCL  |b slo  |c SNKBUCL  |e AACR2 
041 0 |a slo 
044 |a xo  |c SK 
080 |a 502.74(437.6):636.025  |2 1981 
080 |a 636.025  |2 1981 
100 1 |a Végh, Roman,  |d 1966-  |4 aut  |9 164143 
245 1 0 |a Zoologické záhrady - ohrozený druh podnikania  |b Zriaďovatelia poskytujú obmedzené prostriedky, ktoré nepostačujú ani na prevádzku, nieto ešte výstavbu zoologických záhrad  |c Roman Végh 
300 |b Obr. 1, tab. 2 
650 0 7 |a zoologické záhrady  |2 snkbucl  |9 69911 
655 7 |a články z novín a časopisov  |2 snkbucl  |9 267496 
773 0 |t Slovenský profit  |g Roč. 4, č. 50 (1996), s. 8-9 
850 |a Slovenská národná knižnica v Martine  |a MTA001 
852 |a SNK  |b KIS3GCP 
958 |a SK 
958 |a RK 
958 |a RBX 
999 |c 2092547  |d 2094477